Country Flags During WW2 - Statistics

General Stats
  • This quiz has been taken 266 times
  • The average score is 14 of 16
Answer Stats
Picture Answer % Correct
France
98%
Germany
98%
Soviet Union
98%
Japan
96%
United States
93%
China
89%
Denmark
89%
Korea
89%
Finland
88%
Hungary
83%
Croatia
82%
Philippines
82%
Yugoslavia
81%
Greece
78%
Canada
76%
South Africa
73%
No matching quizzes found
Score Distribution
Percent of People with Each Score
Percentile by Number Answered
Your Score History
You have not taken this quiz